01110 a2200205 4500003000500000005001700005010001600022020002200038020001500060040000900075082001500084100002600099245007400125260005300199300002100252490002000273505053600293650002900829650004600858Nust20221017142443.0 a 80026867 a0138529051 (pbk.) a0138529132 cNust00a616.81,SES1 aSessler, Gloria Jean.10aStroke :bhow to prevent it/how to survive it /cGloria Jean Sessler. aEnglewood Cliffs, N.J. :bPrentice-Hall,cc1981. a287 p. ;c24 cm.0 aA Spectrum book aThe Incidence of Strokes (Page-1), Early Warning Signs of an Impending Stroke (Page-28), Risk Factors you can Control (Page-45), Atherosclerosis (Page-88), Cholesterol and Triglycerides (Page-99), Diabetes (Page-122), Smoking (Page-143), Oral Contraceptives (Page-164), Stress (Page-176), Lab Tests and Diagnostic Procedures (Page-189), The Completed Stroke (Page-206), Medical and Surgical Treatment of a Stroke (Page-226), Rehabilitation (Page-245), Some Self Help Aids (Page-266), Famous Persons who have Had Strokes (Page-269). 0aCerebrovascular disease. 0aCerebrovascular disordersxPopular works.